| 000 | 00901nam a2200229 a 4500 | ||
|---|---|---|---|
| 001 | 45663 | ||
| 003 | BD-RjUL | ||
| 005 | 20211209054042.0 | ||
| 008 | 160727s2016 bg ||||| |||| 00| 0 ben d | ||
| 020 |
_a9789849149279 _c: Tk. 250.00 |
||
| 035 | _a(BD-RjUL)45781 | ||
| 040 |
_aBD-RjUL _bben _cBD-RjUL _dBD-RjUL |
||
| 041 | _aben | ||
| 082 |
_223 _a305.89483 _bBIO 2016 |
||
| 100 |
_aবিশ্বাস, উদয় শংকর _9120308 |
||
| 245 | 1 | 0 |
_aউরাঁও সম্প্রদায়ের সমাজ ও সংস্কৃতি / _cউদয় শংকর বিশ্বাস |
| 260 |
_aঢাকা: _bআপন প্রকাশ, _c২০১৬ |
||
| 300 |
_a১৬০ পৃ. : _bচিত্র ; _c২২ সেমি. |
||
| 650 |
_aওরাঁও সমাজ _zবাংলাদেশ _9139788 |
||
| 650 |
_aOraon Society _zBangladesh _9139789 |
||
| 942 |
_2ddc _cBK _01 |
||
| 999 |
_c45663 _d45663 |
||